1125 1807 1244 1984 1097 1260 1239 1920 1507 1133 1556 1547 1978 1279 1032 1144 1470 1176 1827 1494 1038 1101 1550 1761 1051 1911 1836 1628 1230 1702 1875 1421 1798 1057 1758 1548 1305 1073 1670 1913 1728 1329 1279 1376 1864 1772 1924 1081 1790 1345 1691 1343 1542 1852 1251 1934 1586 1541 1219 1374 1995 1821 1339 1640 1042 1677 1879 1729 1437 1634 1344 1667 1831 1795 1125 1132 1315 1037 1856 1784 1663 1630 1480 1962 1940 1606 1163 1214 1481 1043 1178 1727 1128 1148 1441 1881 1392 1645 1871 BCNSPRNW ULIB Ver.6.0+V

เปลี่ยนเป็นภาษาไทย

Change to English
 แสดงรายละเอียดบรรณานุกรม
  กลับหน้าหลัก

Brief Record : Get Marc (ISO 2709) : E-mail record : QR code < ปิดหน้าต่าง
LEADER : 00000nam 2200000uu 4500
001    13399113099
003     ULIB
008    110926s2551||||th 000 0 tha d
020    9789743897962
050 04 PN6519.T45^bฝ153ส 2551
110 1  ฝ่ายวิชาการ บริษัท สภายบุ๊กส์ จำกัด
245 10 สุภาษิต คำพังเพยและสำนวนไทย /^cฝ่ายวิชาการ บริษัท สภายบุ๊กส์ จำกัด
260    กรุงเทพฯ :^bสภายบุ๊กส์,^c2551
300    344 หน้า
650  7 คำพังเพยไทย
650  7 สำนวนโวหาร
650  7 สุภาษิตไทย
945    ^p0^l0^i014532
995    ทศพร
999 ^a ทศพร
รายการนี้ยังไม่มีแท็ก
คุณยังไม่ได้ล็อกอิน คุณสามารถมีกิจกรรมร่วมกับเว็บไซต์ได้ แต่ต้องล็อกอินก่อน ::
  ล็อกอิน

รายการสื่อสารสนเทศ

ลำดับที่ ประเภท เลขเรียก/บาร์โค้ด สถานที่ สถานะ
- ไม่พบข้อมูล -

รายการใกล้เคียง
    หัวเรื่อง [คำพังเพยไทย]
    หัวเรื่อง [สำนวนโวหาร]

BibComment


ยังไม่เคยถูกคอมเมนท์

คอมเมนท์ทรัพยากรรายการนี้
  คอมเมนท์: สุภาษิต คำพังเพยแ..


 Copyright 2026. Bcnsprnw @Library